| 000 | 00935nam a2200241 a 4500 | ||
|---|---|---|---|
| 001 | 000044394 | ||
| 005 | 20260305073959.0 | ||
| 008 | 140627s1996 dr ac 000 0 spa d | ||
| 040 |
_aDO-SdBNP _bspa _cBNPHU |
||
| 041 | 1 | 7 |
_aspa _heng |
| 082 |
_aR703 _bG377e, 1996 |
||
| 100 | 1 |
_aGerón, Candido, _d1948- _93577 |
|
| 245 | 1 | 0 |
_aEnciclopedia de las artes plasticas dominicanas= Encyclopedia of dominican plastic arts, 1844-1995 / _cCándido Gerón ; traducción al inglés Altagracia Amelia Cabral. |
| 246 | 1 | 2 | _aEncyclopedia of dominican plastic arts, 1844-1995 |
| 250 | _a3a ed. | ||
| 260 |
_aSanto Domingo : _bCorripio, _c1996. |
||
| 300 |
_aviii, 570 p. : _bil., retrs. ; _c32 cm. |
||
| 500 | _aTexto en dos columnas | ||
| 650 | 4 |
_aArte _xEnciclopedias y diccionarios _943778 |
|
| 650 | 4 |
_aArtistas dominicanos _xBiografías _933342 |
|
| 700 | 1 | 2 |
_aCabral, Altagracia Amelia _etr. _943780 |
| 910 | _aValidado. Control de calidad MFF | ||
| 999 |
_c43883 _d43883 |
||